| 000 | 00826nas a2200253 4500 | ||
|---|---|---|---|
| 001 | BR0003343 | ||
| 003 | BR-BrBNA | ||
| 005 | 20231205101934.0 | ||
| 007 | ta | ||
| 008 | 230509b bl.|||p| |||| 00| 00por d | ||
| 040 |
_aBR-BrBNA _bpor _cBiblioteca Nacional de Agricultura |
||
| 041 | _a(Pt) | ||
| 072 | _aF03 | ||
| 100 | 1 | _aCarvalho, J.E.U. de | |
| 100 | 1 | _aMuller, C.H. | |
| 100 | 1 | _aLeao, N.V.M. | |
| 245 | 1 | _aCronologia dos eventos morfologicos associados a germinacao e sensibilidade ao dessecamento em sementes de bacuri (Platonia insignis Mart. - Clusiaceae) | |
| 650 | _aBacuri | ||
| 650 | _aSemente | ||
| 650 | _aGerminacao | ||
| 773 | 0 |
_tRevista Brasileira de Sementes (Brazil) _xISSN 0101-3122 _g(1998), v. 20(2) p. 475-479 _wBR0003343 |
|
| 909 |
_a202311 _bLúcia _c55 _dLúcia Elande |
||
| 942 |
_2AGRIS _n0 _cANA |
||
| 999 |
_c164821 _d164821 |
||